Transaction Costs and Synergy Effects in Modern Corporations
Aktuálne integrované štruktúry sú spravované z jedného centra. Keď je takéto centrum založené, systémový efekt vzniká v dôsledku centralizácie viacerých funkcií na úrovni tohto centra. V účtovnom systéme integrovanej štruktúry všetky náklady, ktoré znáša spoločnosť, sú transakčnej povahy.
Salvato in:
| Autore principale: | |
|---|---|
| Natura: | Capitolo di libro |
| Lingua: | inglese |
| Soggetti: | |
| Tags: |
Nessun Tag, puoi essere il primo ad aggiungerne!!
|
MARC
| LEADER | 00000naa a2200000 4500 | ||
|---|---|---|---|
| 001 | 0250459 | ||
| 005 | 20190128094647.7 | ||
| 041 | 0 | |a eng | |
| 044 | |a UA | ||
| 245 | 1 | 0 | |a Transaction Costs and Synergy Effects in Modern Corporations |c Maryna Lazareva |
| 520 | |a Aktuálne integrované štruktúry sú spravované z jedného centra. Keď je takéto centrum založené, systémový efekt vzniká v dôsledku centralizácie viacerých funkcií na úrovni tohto centra. V účtovnom systéme integrovanej štruktúry všetky náklady, ktoré znáša spoločnosť, sú transakčnej povahy. | ||
| 610 | 2 | 0 | |a spoločnosti |
| 610 | 2 | 0 | |a korporácie |
| 610 | 2 | 0 | |a náklady |
| 610 | 2 | 0 | |a elektronizácia |
| 610 | 2 | 0 | |a technológie informačné |
| 610 | 2 | 0 | |a technológie nové |
| 610 | 2 | 0 | |a financie |
| 610 | 2 | 0 | |a financie podnikové |
| 610 | 2 | 0 | |a politika finančná |
| 100 | 1 | |a Lazareva, Maryna | |